| 000 | 01879nac a2200301 a 4500 | ||
|---|---|---|---|
| 003 | CO-PeBPM | ||
| 005 | 20251212140909.0 | ||
| 008 | 251212s2024 ck |||| |||| 00| 0 spa d | ||
| 020 | _a9786289675009 | ||
| 040 |
_aCO-PeBPM _bspa _cCO-PeBPM _erda |
||
| 041 | _aspa | ||
| 082 | 0 | 4 |
_a371.782 Z92g _222 |
| 100 | 1 |
_aZysman, María _eautora |
|
| 245 | 1 | 0 |
_a Grooming _b: Cómo enseñar a los chicos a cuidarse en la web _c/ / María Zysman |
| 250 | _aEdición especial | ||
| 260 |
_aBogotá, Colombia _b: Distrilibros Emy Book _c, 2024 |
||
| 300 |
_a 168 páginas : gráficas ; 22 cm. _bilustraciones, gráficas _c22 centimetros |
||
| 490 | _aPlan Nacional de Lectura, Escritura y Oralidad / Ministerio de las Culturas, las Artes y los Saberes | ||
| 500 | _aIncluye índice | ||
| 500 | _aContiene datos biográficos de la autora en la solapa del texto | ||
| 520 | _aEl grooming aparece como la encarnación de nuestra peor pesadilla: un niño o niña, quizás nuestro propio hijo, engañado en la web por un adulto con intenciones de concretar actos de índole sexual. ¿Qué podemos hacer para evitar esta situación abominable que lamentablemente hoy constituye un peligro real? En este libro, María Zysman nos propone no mirar para otro lado: involucrarnos, aprender sobre cuestiones que tal vez nos son ajenas, para poder acompañar a los chicos y comprender mejor sus emociones y problemas. Con un lenguaje claro y amigable, recorre todas las aristas del grooming, desde las definiciones para entenderlo hasta los elementos que nos ayudan a detectarlo, así como orientaciones para actuar en caso de ser necesario | ||
| 650 | 1 | 4 |
_aAcoso cibernético - Prevención _2LEMB |
| 650 | 1 | 4 |
_aDelitos sexuales - Prevención _2LEMB |
| 650 | 1 | 4 |
_aAcoso escolar _2LEMB |
| 650 | 1 | 4 |
_aInternet y adolescentes _2LEMB |
| 650 | 1 | 4 |
_aInternet y niños _2LEMB |
| 942 |
_2ddc _cBK _n0 |
||
| 999 |
_c107031 _d107031 |
||